Podniková organizace časopis pro ekonomiku, řízení a organizaci průmyslu

Gespeichert in:
Bibliographische Detailangaben
Format: Schriftenreihe
Sprache:Tschechisch
Veröffentlicht: Praha Státní nakladatelství technické literatury 1951
Tags: Tag hinzufügen
Keine Tags, Fügen Sie das erste Tag hinzu!

MARC

LEADER 00000nas2a2200000 4500
001 0011332
005 20250730114302.6
041 0 |a cze 
044 |a CZ 
245 1 0 |a Podniková organizace  |b časopis pro ekonomiku, řízení a organizaci průmyslu 
264 1 |a Praha  |b Státní nakladatelství technické literatury  |c 1951 
300 |a 1 zv. 
773 0 |w eu_un_cat*s120215